Закономерности движения шихты и газа в доменной печи: монография

Detalles Bibliográficos
Autor Principal: Стефанович М. А. Михаил Александрович
Outros autores: Сибагатуллин С. К. Салават Камилович, Гущин Д. Н. Дмитрий Николаевич
Summary:Изложены теоретические и практические вопросы движения шихты и газа в доменной печи. Рассмотрены возможности совершенствования выплавки чугуна воздействием на взаимное сопротивление шихты и газа их движению в противоточном режиме. Книга предназначена для инженерно-технических работников доменных цехов, научных работников и студентов вузов, обучающихся по профилю «Металлургия чёрных металлов».
Idioma:ruso
Publicado: Магнитогорск, Изд-во Магнитогорского ГТУ, 2011
Subjects:
Formato: MixedMaterials Libro
KOHA link:https://koha.lib.tpu.ru/cgi-bin/koha/opac-detail.pl?biblionumber=211506

MARC

LEADER 00000nam0a2200000 4500
001 211506
005 20231101225702.0
010 |a 9785996702053 
035 |a (RuTPU)RU\TPU\book\231052 
090 |a 211506 
100 |a 20120314d2011 k y0rusy50 ca 
101 0 |a rus 
102 |a RU 
105 |a a z 001zy 
200 1 |a Закономерности движения шихты и газа в доменной печи  |e монография  |f М. А. Стефанович, С. К. Сибагатуллин, Д. Н. Гущин 
210 |a Магнитогорск  |c Изд-во Магнитогорского ГТУ  |d 2011 
215 |a 163 с.  |c ил. 
320 |a Библиогр.: с. 160-162. 
330 |a Изложены теоретические и практические вопросы движения шихты и газа в доменной печи. Рассмотрены возможности совершенствования выплавки чугуна воздействием на взаимное сопротивление шихты и газа их движению в противоточном режиме. Книга предназначена для инженерно-технических работников доменных цехов, научных работников и студентов вузов, обучающихся по профилю «Металлургия чёрных металлов». 
606 1 |a Доменные печи  |x Движение газов  |2 stltpush  |3 (RuTPU)RU\TPU\subj\9940  |9 37091 
610 1 |a газовый напор 
610 1 |a влияющие факторы 
610 1 |a движение 
610 1 |a газовые потоки 
610 1 |a шахта 
610 1 |a рудная сыпь 
610 1 |a кокс 
610 1 |a загрузка 
610 1 |a агломерат 
610 1 |a окатыши 
610 1 |a крупность 
610 1 |a монографии 
610 1 |a скорость 
675 |a 669.162.263  |v 3 
700 1 |a Стефанович  |b М. А.  |g Михаил Александрович 
701 1 |a Сибагатуллин  |b С. К.  |g Салават Камилович 
701 1 |a Гущин  |b Д. Н.  |g Дмитрий Николаевич 
801 1 |a RU  |b 63413507  |c 20120314 
801 2 |a RU  |b 63413507  |c 20160202  |g RCR 
942 |c BK 
959 |a 41/20120314  |d 1  |e 0,00  |f ЧЗТЛ:1